[Event "XLI Rilton Cup 2011-12"]
[Site "Stockholm SWE"]
[Date "2011.12.27"]
[Round "1"]
[Board "27"]
[White "Leer-Salvesen, Bjarte"]
[Black "Evertsson, Lennart"]
[Result "1-0"]
[WhiteTitle "IM"]
[WhiteElo "2380"]
[BlackElo "2130"]
[WhiteFideId "1501496"]
[BlackFideId "1705156"]
[EventDate "2011.12.27"]

1. c4 e5 2. g3 Nc6 3. Bg2 Nf6 4. Nc3 Bc5 5. e3 O-O 6. Nge2 Re8 7. O-O a6 8. d4
Ba7 9. d5 Na5 10. Qa4 c6 11. dxc6 dxc6 12. Rd1 Qc7 13. Bd2 Bg4 14. Rac1 Rac8 15.
h3 Bd7 16. Ne4 Nxe4 17. Bxa5 b6 18. Bxb6 Bxb6 19. Bxe4 Bc5 20. Bg2 Rb8 21. Qc2
Be6 22. Nc3 f5 23. b3 Rf8 24. Kh2 f4 25. Qe2 Rbe8 26. Ne4 Ba3 27. Rc3 Qa5 28.
Rcd3 Bf5 29. g4 Bg6 30. Rd7 Qb6 31. c5 Qb4 32. Nd6 Re6 33. Bxc6 fxe3 34. Qxe3
Ref6 35. Qxe5 Rxf2+ 36. Bg2 Bb2 37. Qd5+ Kh8 38. Nc4 Bf6 39. g5 Qb8+ 40. Kg1 Bc3
41. Qd6 Rxg2+ 42. Kxg2 Qa8+ 43. c6 Be4+ 44. Kg1 Bxc6 45. Qxf8+ Qxf8 46. Rd8 1-0

[Event "XLI Rilton Cup 2011-12"]
[Site "Stockholm SWE"]
[Date "2011.12.27"]
[Round "1"]
[Board "28"]
[White "Cederstam-Barsk, Carl"]
[Black "Furhoff, Johan"]
[Result "1-0"]
[BlackTitle "IM"]
[WhiteElo "2129"]
[BlackElo "2370"]
[WhiteFideId "1713329"]
[BlackFideId "1701797"]
[EventDate "2011.12.27"]

1. e4 Nc6 2. Nf3 e6 3. d4 d5 4. Nbd2 Nf6 5. e5 Nd7 6. Bb5 a5 7. O-O Na7 8. Bd3
c5 9. c4 Be7 10. Qe2 Nc6 11. Rd1 cxd4 12. cxd5 exd5 13. Nb3 O-O 14. Nbxd4 Ndxe5
15. Nxe5 Nxd4 16. Bxh7+ Kxh7 17. Qh5+ Kg8 18. Rxd4 Bf6 19. Bf4 g6 20. Qf3 Be6
21. Rad1 Bg7 22. Qg3 Qb6 23. b3 Rac8 24. h4 Rc2 25. h5 Bf5 26. Rxd5 Rxa2 27.
hxg6 fxg6 28. Rd6 Qc5 29. Nxg6 Re8 30. R6d5 Qc8 31. Ne7+ Rxe7 32. Rd8+ Qxd8 33.
Rxd8+ Kf7 34. Qf3 Bf6 35. Qd5+ Kg6 36. Rg8+ Bg7 37. Be5 Rxe5 38. Qxe5 1-0

[Event "XLI Rilton Cup 2011-12"]
[Site "Stockholm SWE"]
[Date "2011.12.27"]
[Round "1"]
[Board "29"]
[White "Sagit, Rauan"]
[Black "Kenneskog, Theodor"]
[Result "1-0"]
[WhiteTitle "FM"]
[WhiteElo "2368"]
[BlackElo "2123"]
[WhiteFideId "1708376"]
[BlackFideId "1715011"]
[EventDate "2011.12.27"]

1. e4 c5 2. Nf3 d6 3. d4 cxd4 4. Nxd4 Nf6 5. Nc3 a6 6. Bc4 e6 7. Bb3 b5 8. a3
Be7 9. O-O O-O 10. Re1 Qc7 11. Bg5 Bd7 12. Nde2 Nc6 13. Ng3 Rfe8 14. Nh5 Nxh5
15. Qxh5 Bxg5 16. Qxg5 Na5 17. Rad1 Bc6 18. Re3 Nc4 19. Rg3 g6 20. Bxc4 bxc4 21.
Qf6 d5 22. h4 Rad8 23. Re3 dxe4 24. Rd4 Rxd4 25. Qxd4 Bb7 26. Nxe4 Bxe4 27. Qxe4
Rd8 28. g3 Qb8 29. b3 cxb3 30. Rxb3 Qd6 31. Rd3 Qc7 32. Rxd8+ Qxd8 33. c4 Qd6
34. Qf3 Kg7 35. Qc3+ Kf8 36. Qf3 Kg7 37. Kg2 Qd4 38. Qc6 a5 39. c5 Kf6 40. Qf3+
Kg7 41. Qc6 Kf6 42. Qf3+ Kg7 43. c6 Qc5 44. Kg1 a4 45. Qe4 Qxa3 46. Qc2 Qb3 47.
Qc1 Qb8 48. c7 Qc8 49. Qb2+ 1-0

[Event "XLI Rilton Cup 2011-12"]
[Site "Stockholm SWE"]
[Date "2011.12.27"]
[Round "1"]
[Board "32"]
[White "Aperia, Jakob"]
[Black "Westerberg, Jonathan"]
[Result "1/2-1/2"]
[BlackTitle "FM"]
[WhiteElo "2059"]
[BlackElo "2321"]
[WhiteFideId "1711423"]
[BlackFideId "1701754"]
[EventDate "2011.12.27"]

1. c4 e5 2. g3 Nc6 3. Bg2 f5 4. Nc3 Nf6 5. d3 Bb4 6. Bd2 O-O 7. a3 Bxc3 8. Bxc3
d5 9. cxd5 Nxd5 10. Nf3 e4 11. dxe4 fxe4 12. Ne5 Nxc3 13. Qxd8 Nxd8 14. bxc3 Re8
15. Nc4 Nf7 16. Rd1 Be6 17. Rd4 Red8 18. Ne3 Nd6 19. O-O c5 20. Rd2 Nb5 21.
Rxd8+ Rxd8 22. Bxe4 b6 23. c4 Nxa3 24. Rc1 Rd2 25. Rc3 Ra2 26. f4 g6 27. g4 b5
28. cxb5 Nxb5 29. Rxc5 Rxe2 30. Nd5 a6 31. Nf6+ Kg7 32. g5 Rd2 33. Rc6 Nd4 34.
Rc7+ Kf8 35. Bc6 Rc2 36. Nxh7+ Kg8 37. Nf6+ Kf8 38. Nh7+ Kg8 1/2-1/2

[Event "XLI Rilton Cup 2011-12"]
[Site "Stockholm SWE"]
[Date "2011.12.27"]
[Round "1"]
[Board "34"]
[White "Lundin, Jan"]
[Black "Kassani, Sam"]
[Result "1-0"]
[WhiteTitle "FM"]
[WhiteElo "2314"]
[BlackElo "1998"]
[WhiteFideId "1706896"]
[BlackFideId "1709089"]
[EventDate "2011.12.27"]

1. e4 c5 2. c3 g6 3. d4 cxd4 4. cxd4 Bg7 5. Nc3 d6 6. Nf3 a6 7. Bc4 Nf6 8. Bb3
O-O 9. O-O Nc6 10. h3 b5 11. Be3 Bb7 12. e5 Ne8 13. e6 f6 14. Rc1 Rb8 15. Re1
Ba8 16. Re2 Nc7 17. d5 Na5 18. Rd2 b4 19. Na4 Nb5 20. Rdc2 g5 21. Bb6 Rxb6 22.
Rc8 Rb8 23. Rxd8 Rfxd8 24. Bc2 1-0

[Event "XLI Rilton Cup 2011-12"]
[Site "Stockholm SWE"]
[Date "2011.12.27"]
[Round "1"]
[Board "37"]
[White "Rydstrom, Tom"]
[Black "Arman, Deniz"]
[Result "1-0"]
[BlackTitle "FM"]
[WhiteElo "1939"]
[BlackElo "2304"]
[WhiteFideId "1714830"]
[BlackFideId "6302106"]
[EventDate "2011.12.27"]

1. e4 c5 2. Nf3 d6 3. d4 cxd4 4. Nxd4 Nf6 5. Nc3 a6 6. Bg5 e6 7. Qf3 Be7 8. Be2
Qa5 9. Be3 Nbd7 10. O-O h5 11. Qg3 Ne5 12. h3 h4 13. Qh2 Bd7 14. f4 Ng6 15. f5
Ne5 16. fxe6 fxe6 17. Nf3 O-O-O 18. Rab1 Rdf8 19. Nxe5 dxe5 20. Kh1 Bc6 21. Bf3
Bb4 22. Bd2 Rd8 23. Rfd1 Qc5 24. a3 Bxc3 25. Bxc3 Nxe4 26. Bxe4 Bxe4 27. Bxe5
Bxg2+ 28. Qxg2 Qxe5 29. Re1 Qf6 30. Qe4 Rhe8 31. Re3 Rd4 32. Qg2 Red8 33. Rbe1
Rd2 34. Qe4 Qxb2 35. Rb3 Rxc2 36. Qxb7# 1-0

[Event "XLI Rilton Cup 2011-12"]
[Site "Stockholm SWE"]
[Date "2011.12.28"]
[Round "2"]
[Board "1"]
[White "Volkov, Sergey"]
[Black "Leer-Salvesen, Bjarte"]
[Result "0-1"]
[WhiteTitle "GM"]
[BlackTitle "IM"]
[WhiteElo "2626"]
[BlackElo "2380"]
[WhiteFideId "4122763"]
[BlackFideId "1501496"]
[EventDate "2011.12.27"]

1. d4 d5 2. c4 c6 3. Nf3 Nf6 4. e3 Bf5 5. Nc3 e6 6. Nh4 Bg6 7. Nxg6 hxg6 8. g3
Nbd7 9. Bg2 dxc4 10. Qe2 Nb6 11. O-O Be7 12. Rd1 Qc7 13. a4 a5 14. e4 e5 15. Be3
Nfd7 16. h4 O-O 17. dxe5 Nxe5 18. f4 Nd3 19. e5 Bc5 20. Be4 Bxe3+ 21. Qxe3 Nxb2
22. Rdb1 N2xa4 23. Nxa4 Nxa4 24. Rxa4 b5 25. Ra2 b4 26. Qe2 c3 27. h5 Qb6+ 28.
Kg2 b3 29. Ra3 c2 30. Rh1 g5 31. Qc4 Rfb8 32. Bg6 Ra7 33. e6 Qb5 34. exf7+ Kf8
35. Rxb3 Qxb3 36. Re1 Rxf7 37. Qc5+ Kg8 38. Bxf7+ Qxf7 39. Qxc2 gxf4 40. Qxc6
fxg3 41. Qe6 a4 42. Qe5 Qf2+ 43. Kh3 Qh2+ 44. Kg4 Rb4+ 45. Re4 Qe2+ 46. Kg5 Qxe4
47. Qxg7+ Kxg7 48. h6+ Kh8 0-1

[Event "XLI Rilton Cup 2011-12"]
[Site "Stockholm SWE"]
[Date "2011.12.28"]
[Round "2"]
[Board "2"]
[White "Sagit, Rauan"]
[Black "Gajewski, Grzegorz"]
[Result "0-1"]
[WhiteTitle "FM"]
[BlackTitle "GM"]
[WhiteElo "2368"]
[BlackElo "2616"]
[WhiteFideId "1708376"]
[BlackFideId "1116207"]
[EventDate "2011.12.27"]

1. e4 c5 2. Nf3 d6 3. d4 cxd4 4. Nxd4 Nf6 5. Nc3 a6 6. Bc4 Nbd7 7. O-O g6 8. a3
Bg7 9. Ba2 O-O 10. Be3 Ne5 11. Bg5 h6 12. Bxf6 Bxf6 13. Nd5 Bg7 14. c3 Nc6 15.
Nc2 e6 16. Nde3 b5 17. Qd2 Bb7 18. Rad1 Qb6 19. Kh1 Ne7 20. Qxd6 Qxd6 21. Rxd6
Bxe4 22. f3 Nc8 23. Rd2 Bb7 24. Rfd1 Nb6 25. Bb3 h5 26. Rd6 Nc8 27. Rd8 Bf6 28.
Rxf8+ Kxf8 29. Kg1 Ke7 30. a4 bxa4 31. Bxa4 Nb6 32. Bb3 a5 33. Nc4 Nxc4 34. Bxc4
Bc6 35. Nd4 Be8 36. b3 Rc8 37. Ne2 a4 38. Rc1 Kd6 39. Kf2 Rxc4 40. bxc4 Kc5 41.
Rb1 Kxc4 42. Rb4+ Kc5 43. Rb7 Be5 44. f4 Bd6 45. Ke3 a3 46. Rb4 a2 47. Nc1 a1=N
48. Nd3+ Kd5 49. Rd4+ Kc6 50. Ra4 Nb3 51. Ra8 Kd7 52. Ne5+ Ke7 53. Ra7+ Kf8 54.
Ra8 Nc5 55. g3 g5 56. Nc4 gxf4+ 57. gxf4 Bc7 58. Rc8 Na6 59. Ra8 Nb8 60. Ra7 Bd8
61. Ra8 Nc6 62. Nd6 Ke7 63. Nxe8 Kxe8 64. f5 Ke7 65. Ke4 Kd6 66. Ra1 Bf6 67.
Rd1+ Ke7 68. Rd3 Ne5 69. Rh3 h4 70. fxe6 Kxe6 71. Re3 Bg5 72. Re2 h3 73. Kd4 Bf4
74. Ke4 Bg5 75. Kd4 f6 76. c4 Kf5 77. c5 Bf4 78. Kd5 Kg4 79. Ke6 Nf3 80. Kxf6
Nxh2 81. Re4 Kf3 82. Kf5 Bg3 83. Re7 Ng4 84. Rh7 h2 85. c6 Ne3+ 86. Ke6 Kg2 87.
Kd7 Nd5 88. Ke6 Nc7+ 0-1

[Event "XLI Rilton Cup 2011-12"]
[Site "Stockholm SWE"]
[Date "2011.12.28"]
[Round "2"]
[Board "3"]
[White "Tikkanen, Hans"]
[Black "Denisov, Ivan"]
[Result "1-0"]
[WhiteTitle "GM"]
[WhiteElo "2586"]
[BlackElo "2348"]
[WhiteFideId "1706446"]
[BlackFideId "24119466"]
[EventDate "2011.12.27"]

1. c4 e5 2. g3 Nf6 3. Bg2 d5 4. cxd5 Nxd5 5. Nc3 Nb6 6. Nf3 Nc6 7. O-O Be7 8. a3
Be6 9. b4 O-O 10. Rb1 f6 11. d3 Nd4 12. Nd2 c6 13. Nde4 Bf7 14. Nc5 Qc7 15. Bb2
Rfd8 16. Bh3 Bxc5 17. bxc5 Nd7 18. Ne4 Bd5 19. Bxd4 exd4 20. Qa4 Ne5 21. Rb4 b5
22. Qd1 Bxe4 23. dxe4 d3 24. f4 dxe2 25. Qxe2 Nd3 26. Rb3 Nxc5 27. Rc3 Qd6 28.
Qe3 Na4 29. e5 Qc7 30. Rc2 fxe5 31. fxe5 Re8 32. e6 Re7 33. Rcf2 Rae8 34. Qf3 h6
35. Qf7+ Kh8 36. Qg6 1-0

[Event "XLI Rilton Cup 2011-12"]
[Site "Stockholm SWE"]
[Date "2011.12.28"]
[Round "2"]
[Board "4"]
[White "L'Ami, Alina"]
[Black "Cicak, Slavko"]
[Result "0-1"]
[WhiteTitle "WGM"]
[BlackTitle "GM"]
[WhiteElo "2364"]
[BlackElo "2566"]
[WhiteFideId "1210246"]
[BlackFideId "1700588"]
[EventDate "2011.12.27"]

1. d4 Nf6 2. c4 g6 3. Nc3 Bg7 4. e4 O-O 5. h3 c6 6. Bd3 d6 7. Nge2 Nbd7 8. O-O
c5 9. d5 Ne5 10. f4 Nxd3 11. Qxd3 Ne8 12. Ng3 Nc7 13. Bd2 b5 14. cxb5 Rb8 15. a4
a6 16. Rae1 axb5 17. axb5 Nxb5 18. e5 Ba6 19. Ra1 Qb6 20. Rfe1 Nc7 21. Qe4 Qxb2
22. Ra2 Qb3 23. Rb1 Qc4 24. Rxb8 Rxb8 25. Ra4 Qb3 26. exd6 exd6 27. Qe7 Bxc3 28.
Bxc3 Qxc3 29. Qxc7 Rc8 30. Qd7 Qxg3 31. Rxa6 Rb8 32. Rb6 Qe3+ 33. Kh1 Qc1+ 34.
Kh2 Qxf4+ 35. Kh1 Rxb6 36. Qd8+ Kg7 37. Qxb6 h5 38. Qc6 g5 39. Qb7 g4 40. hxg4
hxg4 41. Qb2+ Qe5 42. Qb3 g3 43. Qd1 Kf8 0-1

[Event "XLI Rilton Cup 2011-12"]
[Site "Stockholm SWE"]
[Date "2011.12.28"]
[Round "2"]
[Board "5"]
[White "Berczes, David"]
[Black "Lundin, Jan"]
[Result "1-0"]
[WhiteTitle "GM"]
[BlackTitle "FM"]
[WhiteElo "2555"]
[BlackElo "2314"]
[WhiteFideId "722960"]
[BlackFideId "1706896"]
[EventDate "2011.12.27"]

1. d4 d5 2. c4 e6 3. Nf3 c5 4. cxd5 exd5 5. g3 Nc6 6. Bg2 c4 7. O-O Bb4 8. Nc3
Nge7 9. e4 dxe4 10. Nxe4 Bf5 11. Ne5 Qxd4 12. Qxd4 Nxd4 13. a3 Bxe4 14. Bxe4 Nb3
15. Be3 Nxa1 16. Rxa1 Bd6 17. Nxc4 Bc7 18. Bxb7 Rb8 19. Bf3 Bb6 20. Bf4 Rd8 21.
Re1 Rd4 22. Nxb6 axb6 23. Be5 Ra4 24. Bxg7 Rg8 25. Bc6+ Kd8 26. Rd1+ Kc8 27.
Bd7+ 1-0

[Event "XLI Rilton Cup 2011-12"]
[Site "Stockholm SWE"]
[Date "2011.12.28"]
[Round "2"]
[Board "6"]
[White "Sipila, Vilka"]
[Black "Shimanov, Aleksandr"]
[Result "0-1"]
[WhiteTitle "FM"]
[BlackTitle "GM"]
[WhiteElo "2316"]
[BlackElo "2549"]
[WhiteFideId "505455"]
[BlackFideId "4198603"]
[EventDate "2011.12.27"]

1. a4 Nf6 2. b4 e5 3. Bb2 Bxb4 4. Bxe5 O-O 5. Nc3 d5 6. Rb1 Be7 7. Nf3 c5 8. Nb5
Nc6 9. Bc7 Qd7 10. Bg3 a6 11. Na3 c4 12. Ra1 Ne4 13. e3 Bf6 14. c3 Na5 15. Qc2
Nb3 16. Ra2 Qe7 17. d4 b5 18. Bd3 Bf5 19. Bxe4 Bxe4 20. Qb2 b4 21. Nc2 Bxc2 22.
Qxc2 Nxd4 23. cxd4 b3 24. Qd2 Rfc8 25. Rc2 bxc2 26. Qxc2 c3 27. Qb3 a5 28. O-O
c2 29. Rc1 Qb4 30. Qa2 Qc3 31. h4 Be7 32. Ne5 Qd2 33. Qa1 Rab8 34. Nc6 Rxc6 35.
Bxb8 Rb6 36. Bf4 Qxc1+ 37. Qxc1 Rb1 38. e4 Ba3 39. Bh2 Rxc1# 0-1

[Event "XLI Rilton Cup 2011-12"]
[Site "Stockholm SWE"]
[Date "2011.12.28"]
[Round "2"]
[Board "7"]
[White "Johansson, Linus"]
[Black "Ivanov, Sergey"]
[Result "1/2-1/2"]
[BlackTitle "GM"]
[WhiteElo "2197"]
[BlackElo "2537"]
[WhiteFideId "1711113"]
[BlackFideId "4101375"]
[EventDate "2011.12.27"]

1. d4 Nf6 2. c4 e6 3. Nc3 Bb4 4. e3 c5 5. Bd3 Nc6 6. Nf3 Bxc3+ 7. bxc3 d6 8. O-O
e5 9. e4 h6 10. d5 Ne7 11. Nh4 O-O 12. Qf3 Ng6 13. Nf5 Bxf5 14. Qxf5 Nh7 15. g3
Ne7 16. Qg4 Qc8 17. Qxc8 Raxc8 18. f4 g5 19. fxe5 dxe5 20. Rb1 b6 21. a4 Rcd8
22. a5 Nc8 23. axb6 axb6 24. Be2 Kg7 25. Bg4 Nf6 26. Bxc8 Rxc8 27. Rxb6 Nxe4 28.
Re1 Nf6 29. h4 gxh4 30. Rxe5 Ng4 31. Re4 h5 32. gxh4 Rfe8 33. Rxe8 Rxe8 34. Ba3
Re1+ 35. Kg2 Ne3+ 36. Kf2 Nxc4 37. Rc6 Rd1 38. Bxc5 Rxd5 39. Bd4+ Ne5 40. Bxe5+ 1/2-1/2

[Event "XLI Rilton Cup 2011-12"]
[Site "Stockholm SWE"]
[Date "2011.12.28"]
[Round "2"]
[Board "8"]
[White "Semcesen, Daniel"]
[Black "Frisk, Ellinor"]
[Result "1-0"]
[WhiteTitle "IM"]
[BlackTitle "WFM"]
[WhiteElo "2490"]
[BlackElo "2184"]
[WhiteFideId "1706993"]
[BlackFideId "1708481"]
[EventDate "2011.12.27"]

1. d4 d5 2. c4 e6 3. Nc3 c6 4. Nf3 Nf6 5. Bg5 Nbd7 6. cxd5 exd5 7. e3 Be7 8. Bd3
Nf8 9. Qc2 Ne6 10. Bh4 g6 11. O-O O-O 12. Rab1 Ng7 13. b4 a6 14. a4 Bf5 15. b5
axb5 16. axb5 Bxd3 17. Qxd3 Nf5 18. Bxf6 Bxf6 19. Rfc1 Qd6 20. Qc2 Rfc8 21. Na4
cxb5 22. Qxc8+ Rxc8 23. Rxc8+ Kg7 24. Nc3 b4 25. Na2 Qe6 26. Rc2 g5 27. Nxb4 g4
28. Nd2 h5 29. Nd3 Nxe3 30. fxe3 Qxe3+ 31. Nf2 Bxd4 32. Nf1 Qd3 33. Rbc1 b6 34.
Rd2 Qa3 35. Rcd1 Be5 36. Rxd5 Kg6 37. R5d3 Qa2 38. R1d2 Qe6 39. h3 gxh3 40. Rxh3
f5 41. Rf3 h4 42. Kh1 Qc4 43. Nd3 Bd6 44. Rxf5 h3 45. Rf3 b5 46. gxh3 b4 47.
Rg2+ Kh7 48. Rg4 Qd5 49. Nd2 b3 50. Ne4 Qc6 51. Rf5 1-0

[Event "XLI Rilton Cup 2011-12"]
[Site "Stockholm SWE"]
[Date "2011.12.28"]
[Round "2"]
[Board "9"]
[White "Berggren, Jonatan"]
[Black "Smith, Axel"]
[Result "0-1"]
[BlackTitle "IM"]
[WhiteElo "2150"]
[BlackElo "2480"]
[WhiteFideId "1701762"]
[BlackFideId "1707930"]
[EventDate "2011.12.27"]

1. e4 c5 2. Nc3 a6 3. Nge2 Nf6 4. g3 b5 5. Bg2 Bb7 6. d4 cxd4 7. Nxd4 e6 8. O-O
b4 9. Na4 Bxe4 10. Bxe4 Nxe4 11. Re1 Nc5 12. c4 Nxa4 13. Qxa4 Be7 14. a3 bxa3
15. b4 Qb6 16. c5 Qb7 17. Rxa3 O-O 18. Bf4 Bf6 19. Be5 Bxe5 20. Rxe5 Nc6 21.
Nxc6 dxc6 22. Ree3 Rfd8 23. Red3 Rd5 24. Qa5 Kf8 25. Rxd5 exd5 26. Qb6 Qxb6 27.
cxb6 Ke7 28. b7 Rb8 29. Rxa6 Kd7 30. b5 cxb5 31. Rb6 Kc7 32. Rxb5 Kc6 33. Ra5
Rxb7 34. Ra8 Kc5 35. g4 d4 36. Kf1 Re7 37. Rc8+ Kb4 38. Rd8 Kc3 39. g5 d3 40.
Rc8+ Kb2 41. Rd8 Kc2 42. Rc8+ Kd1 43. Ra8 Re1+ 44. Kg2 d2 45. Rc8 Ke2 46. Re8+
Kd3 47. Rd8+ Kc3 0-1

[Event "XLI Rilton Cup 2011-12"]
[Site "Stockholm SWE"]
[Date "2011.12.28"]
[Round "2"]
[Board "10"]
[White "Akesson, Ralf"]
[Black "Cederstam-Barsk, Carl"]
[Result "1/2-1/2"]
[WhiteTitle "GM"]
[WhiteElo "2421"]
[BlackElo "2129"]
[WhiteFideId "1700120"]
[BlackFideId "1713329"]
[EventDate "2011.12.27"]

1. Nf3 d6 2. d4 Bg4 3. c4 Nd7 4. e4 Bxf3 5. Qxf3 g6 6. Nc3 Bg7 7. Qd1 c5 8. d5
Bxc3+ 9. bxc3 Qa5 10. Qb3 O-O-O 11. Be2 Ngf6 12. f3 Rdg8 13. h4 h6 14. Bd2 Nh5
15. Rb1 Qc7 16. Kf2 f5 17. exf5 gxf5 18. Bd3 Rf8 19. Qc2 f4 20. Rb2 Ng7 21. Rhb1
b6 22. Re1 Ne5 23. a4 e6 24. a5 exd5 25. axb6 axb6 26. cxd5 c4 27. Bg6 Qc5+ 28.
Kf1 Rf6 29. Qa4 Rxg6 30. Qa6+ Kd7 31. Rxb6 Qxd5 32. Rb7+ Ke6 33. Rxe5+ Qxe5 34.
Qxc4+ d5 35. Qa6+ Kf5 36. Rf7+ Rf6 37. Qd3+ Ke6 38. Rxg7 Ra8 39. Qh7 Ra1+ 40.
Kf2 Qb8 41. Rb7 Qd8 42. c4 Ra2 43. cxd5+ Kd6 44. Qd3 Qa5 45. Ke1 Ra1+ 46. Ke2
Ra2 47. Ke1 Ra1+ 48. Ke2 Ra2 49. Rb1 Rf5 50. Kf1 Qxd5 51. Bxf4+ Kc6 52. Rc1+ Kd7
53. Qxd5+ Rxd5 54. Bxh6 Re5 55. Rd1+ Ke6 56. Rd2 Ra4 57. Kf2 Rxh4 58. Be3 1/2-1/2

[Event "XLI Rilton Cup 2011-12"]
[Site "Stockholm SWE"]
[Date "2011.12.28"]
[Round "2"]
[Board "12"]
[White "Socko, Bartosz"]
[Black "Rydstrom, Tom"]
[Result "1-0"]
[WhiteTitle "GM"]
[WhiteElo "2635"]
[BlackElo "1939"]
[WhiteFideId "1107038"]
[BlackFideId "1714830"]
[EventDate "2011.12.27"]

1. e4 e5 2. Nf3 Nc6 3. Bb5 a6 4. Ba4 Nf6 5. O-O Be7 6. Bxc6 dxc6 7. d3 Bg4 8. h3
Bxf3 9. Qxf3 Qd6 10. Nd2 b5 11. Nb3 c5 12. Be3 Nd7 13. Qg3 Qg6 14. Qxg6 hxg6 15.
c4 bxc4 16. dxc4 Bd6 17. Rad1 Ke7 18. Nc1 Rab8 19. Rd2 Nb6 20. Rc2 f6 21. Nd3
Nd7 22. b4 c6 23. bxc5 Bc7 24. Rc3 a5 25. Rb3 Rxb3 26. axb3 Rb8 27. Rb1 Ke6 28.
Kf1 Rb7 29. Ke2 Nb8 30. Kd2 Kd7 31. Kc2 Kc8 32. Ra1 Na6 33. Bd2 Ra7 34. Kc1 Kb8
35. Bxa5 Bxa5 36. Rxa5 Kb7 37. b4 Nc7 38. Rxa7+ Kxa7 39. Kd2 1-0

[Event "XLI Rilton Cup 2011-12"]
[Site "Stockholm SWE"]
[Date "2011.12.28"]
[Round "2"]
[Board "13"]
[White "Glantz, Robert"]
[Black "Solak, Dragan"]
[Result "0-1"]
[BlackTitle "GM"]
[WhiteElo "2289"]
[BlackElo "2629"]
[WhiteFideId "24629596"]
[BlackFideId "916811"]
[EventDate "2011.12.27"]

1. e4 c6 2. Nf3 d5 3. exd5 cxd5 4. Ne5 Nc6 5. d4 e6 6. Bb5 Qc7 7. O-O Bd6 8. Bf4
Ne7 9. Bg3 Nf5 10. Re1 O-O 11. Bxc6 bxc6 12. Nc3 Rb8 13. Na4 f6 14. Nf3 Nxg3 15.
hxg3 e5 16. dxe5 fxe5 17. c4 Qf7 18. c5 Bc7 19. Qd2 Qf6 20. a3 Ba6 21. b4 e4 22.
Nh2 Rf7 23. Nc3 Rbf8 24. Ra2 Bc4 25. Rb2 h5 26. Nd1 Be5 27. Rb1 Bd3 28. Rb3 Bc4
29. Rb1 Bd4 30. Rb2 Bxb2 31. Nxb2 Qxf2+ 32. Qxf2 Rxf2 33. Nxc4 dxc4 34. Rxe4 c3
35. Rc4 c2 36. Nf3 R8xf3 37. gxf3 Rd2 0-1

[Event "XLI Rilton Cup 2011-12"]
[Site "Stockholm SWE"]
[Date "2011.12.28"]
[Round "2"]
[Board "14"]
[White "L'Ami, Erwin"]
[Black "Bergstrom, Rolf"]
[Result "1-0"]
[WhiteTitle "GM"]
[BlackTitle "FM"]
[WhiteElo "2594"]
[BlackElo "2301"]
[WhiteFideId "1007998"]
[BlackFideId "1702386"]
[EventDate "2011.12.27"]

1. d4 b6 2. e4 Bb7 3. Bd3 Nf6 4. Qe2 Nc6 5. c3 e5 6. Nf3 d6 7. O-O Be7 8. Ba6
Bxa6 9. Qxa6 O-O 10. Qa4 Qd7 11. Bg5 Rfd8 12. Bxf6 Bxf6 13. d5 Nd4 14. Qd1 Nxf3+
15. Qxf3 Bg5 16. a4 a5 17. Qf5 Qe7 18. Na3 g6 19. Qg4 Rf8 20. Qe2 f5 21. g3 f4
22. f3 fxg3 23. hxg3 h5 24. Kf2 Rf7 25. Ke1 Qd7 26. Nb5 Qh3 27. Kd1 Qxg3 28. Kc2
Qf4 29. Qg2 Rg7 30. Rg1 Bh6 31. Kb3 Qf7 32. Qh3 Rf8 33. Raf1 Kh7 34. Na7 Qe8 35.
Nc6 Rf4 36. Kc4 g5 37. Rh1 g4 38. fxg4 Rxe4+ 39. Kb5 Rexg4 40. Qxh5 Qxh5 41.
Rxh5 Kg6 42. Rhh1 Bd2 43. Nd8 e4 44. Ne6 Rg8 45. Nf8+ Kg5 46. Nh7+ Kg6 47. Nf6 1-0

[Event "XLI Rilton Cup 2011-12"]
[Site "Stockholm SWE"]
[Date "2011.12.28"]
[Round "2"]
[Board "15"]
[White "De Filomeno, Simone"]
[Black "Rozentalis, Eduardas"]
[Result "0-1"]
[WhiteTitle "FM"]
[BlackTitle "GM"]
[WhiteElo "2299"]
[BlackElo "2586"]
[WhiteFideId "828688"]
[BlackFideId "12800023"]
[EventDate "2011.12.27"]

1. e4 e6 2. Nf3 d5 3. Nc3 Bb4 4. a3 Ba5 5. b4 Bb6 6. d4 Ne7 7. Bd3 Nbc6 8. Ne2
e5 9. Bb2 exd4 10. Nexd4 O-O 11. O-O Nxd4 12. Nxd4 c5 13. bxc5 Bxc5 14. Nb3 Bb6
15. exd5 Qxd5 16. Re1 Be6 17. Re5 Qc6 18. Rg5 Ng6 19. Qe2 Bxb3 20. cxb3 Rfe8 21.
Qf1 a6 22. h4 Bd8 23. Rg4 Bf6 24. Rc4 Qd6 25. Bxg6 hxg6 26. Rd1 Qe6 27. Bxf6
Qxf6 28. Rcd4 Rac8 29. Qd3 Rc5 30. Rd8 Rc8 31. Rxe8+ Rxe8 32. Qd7 Re7 33. Qg4
Rc7 34. Qd4 Rc1 35. Qd2 Rc3 36. Qd8+ Qxd8 37. Rxd8+ Kh7 38. Rd7 Rxb3 39. Rxf7 b6 0-1

[Event "XLI Rilton Cup 2011-12"]
[Site "Stockholm SWE"]
[Date "2011.12.28"]
[Round "2"]
[Board "16"]
[White "Rasmussen, Allan Stig"]
[Black "Mack, Wolfgang"]
[Result "0-1"]
[WhiteTitle "GM"]
[WhiteElo "2541"]
[BlackElo "2293"]
[WhiteFideId "1406000"]
[BlackFideId "4685458"]
[EventDate "2011.12.27"]

1. e4 e6 2. d4 d5 3. Nc3 dxe4 4. Nxe4 Nd7 5. Nf3 Ngf6 6. Nxf6+ Nxf6 7. Be3 Nd5
8. Bd2 c5 9. Bb5+ Bd7 10. Bxd7+ Qxd7 11. c4 Nb6 12. Rc1 f6 13. dxc5 Bxc5 14. O-O
O-O 15. Qe2 Rfd8 16. Ba5 Re8 17. b3 e5 18. Rfd1 Qe7 19. Ne1 Nd7 20. Qe4 Nf8 21.
Rd5 b6 22. Bc3 Ne6 23. Rcd1 Rad8 24. Nc2 Nf4 25. R5d2 f5 26. Qf3 g5 27. Kf1 e4
28. Qg3 Rd3 29. Rxd3 exd3 30. Ne3 Ne2 31. Qf3 Nxc3 32. Rxd3 f4 33. Nc2 Ne4 34.
Rd5 h6 35. h4 Bxf2 36. hxg5 Bg3 37. Qd3 hxg5 38. Rd7 Qe5 39. c5 bxc5 40. Rd5 Qe6 0-1

[Event "XLI Rilton Cup 2011-12"]
[Site "Stockholm SWE"]
[Date "2011.12.28"]
[Round "2"]
[Board "19"]
[White "Holving, Rasmus"]
[Black "Brynell, Stellan"]
[Result "0-1"]
[BlackTitle "GM"]
[WhiteElo "2221"]
[BlackElo "2486"]
[WhiteFideId "1703145"]
[BlackFideId "1700219"]
[EventDate "2011.12.27"]

1. e4 e6 2. b3 d5 3. Bb2 dxe4 4. Nc3 Nf6 5. Qe2 Be7 6. O-O-O Nc6 7. Nxe4 Nd4 8.
Qe1 O-O 9. Bd3 a5 10. Nxf6+ Bxf6 11. Qe4 g6 12. Nf3 Nxf3 13. Qxf3 Bxb2+ 14. Kxb2
a4 15. Qf4 Qe7 16. b4 c5 17. Ka3 Rd8 18. bxc5 b6 19. Kb2 bxc5 20. Ka1 Bb7 21. f3
Rd4 22. Qe3 Rad8 23. Be4 Bxe4 24. fxe4 Qd6 25. Rhf1 Rxd2 26. Rxd2 Qxd2 27. Qxc5
Qxg2 28. Qc4 Qxh2 29. Qc3 Qd2 30. Qc7 Qd7 31. Qf4 a3 32. Qc1 Qb5 0-1